Un mot - une lettre = un pays #2 - Statistiques

Statistiques générales
  • Ce quiz a été pris 59 fois
  • Le résultat moyen est 6 sur 10
Statistiques - réponses
Mots Pays % Correct
Litchi - T Chili
96%
Yankee - E Kénya
93%
Graine - A Niger
81%
Déliait - D Italie
80%
Adjoindre - D Jordanie
63%
Émaillais - L Malaisie
56%
Risible - I Brésil
54%
Plongeon - N Pologne
54%
Vocaliques - C Slovaquie
43%
Branchie - C Bahreïn
28%
Aucun quiz correspondant
Distribution des résultats
% des personnes avec chaque résultat
Percentile par nombre de réponses
Votre historique - résultats
Vous n’avez pas pris ce quiz